Ranking KSW - Kategoria półśrednia - Statystyki

Ogólne statystyki
  • Ten quiz został rozwiązany 48 razy
  • Średni wynik to 8 z 11
Statystyki odpowiedzi
Pozycja Zawodnik Narodowość % Poprawnych
Champion Adrian Bartosiński Polska
100%
1 Andrzej Grzebyk Polska
96%
4 Artur Szczepaniak Polska / Belgia
91%
3 Madars Fleminas Łotwa
89%
2 Igor Michaliszyn Polska
82%
6 Muslim Tulshaev Niemcy
80%
9 Brian Hooi Holandia
76%
7 Tymoteusz Łopaczyk Polska
62%
5 Wiktor Zalewski Polska
60%
10 Kacper Koziorzębski Polska
58%
8 Marcin Krakowiak Polska
51%
Nie znaleziono quizów pasujących do podanych kryteriów
Rozkład punktacji
Procent ludzi z każdym wynikiem
Percentyl według liczby udzielonych odpowiedzi
Twoja historia wyników
Nie rozwiązałeś tego quizu